000 00370nam a22001337a 4500
020 _a0824716836
040 _cNust
082 _a658.51
_bLEN'F
100 _aJohn E. Lenz
_9126912
245 _aFlexible manufacturing
_bBeen for low inventory factory
260 _aNew York:
_bMarcel Dekker Inc,
_c1989.
650 _aFlexible manufacturing
_9126913
942 _2ddc
_cBK
999 _c612306
_d612306